Essential psychology (Record no. 170496)
[ view plain ]
| 000 -LEADER | |
|---|---|
| fixed length control field | 00669nam a2200229Ia 4500 |
| 003 - CONTROL NUMBER IDENTIFIER | |
| control field | OSt |
| 005 - DATE AND TIME OF LATEST TRANSACTION | |
| control field | 20250724144230.0 |
| 008 - FIXED-LENGTH DATA ELEMENTS--GENERAL INFORMATION | |
| fixed length control field | 210423s2012 xx 000 0 und d |
| 020 ## - INTERNATIONAL STANDARD BOOK NUMBER | |
| International Standard Book Number | 978-81-321-1030-9 |
| 040 ## - CATALOGING SOURCE | |
| Transcribing agency | AL |
| 041 ## - LANGUAGE CODE | |
| Language code of text/sound track or separate title | English |
| 082 ## - DEWEY DECIMAL CLASSIFICATION NUMBER | |
| Classification number | 150 |
| Edition number | 23 |
| Item number | BANE |
| 100 ## - MAIN ENTRY--PERSONAL NAME | |
| Personal name | Philip Banyard |
| 9 (RLIN) | 95344 |
| 245 ## - TITLE STATEMENT | |
| Title | Essential psychology |
| Remainder of title | : a concise introduction |
| 260 ## - PUBLICATION, DISTRIBUTION, ETC. | |
| Place of publication, distribution, etc. | New Delhi |
| Name of publisher, distributor, etc. | Sage Publications |
| Date of publication, distribution, etc. | 2012 |
| 300 ## - PHYSICAL DESCRIPTION | |
| Extent | xvii,454 |
| Other physical details | PB |
| 365 ## - TRADE PRICE | |
| Price amount | 795 |
| Currency code | INR |
| 650 ## - SUBJECT ADDED ENTRY--TOPICAL TERM | |
| Topical term or geographic name entry element | Psychology |
| 9 (RLIN) | 95345 |
| 700 ## - ADDED ENTRY--PERSONAL NAME | |
| Personal name | Davies, Mark N O |
| Dates associated with a name | Norman, Christine |
| Relator term | Winder, Belinda |
| 9 (RLIN) | 219942 |
| 906 ## - LOCAL DATA ELEMENT F, LDF (RLIN) | |
| a | concise ; Essential ; introduction ; psychology: |
| 942 ## - ADDED ENTRY ELEMENTS (KOHA) | |
| Source of classification or shelving scheme | Dewey Decimal Classification |
| Koha item type | Book |
| Withdrawn status | Lost status | Damaged status | Not for loan | Collection code | Home library | Current library | Date acquired | Source of acquisition | Cost, normal purchase price | Total Checkouts | Full call number | Barcode | Date last seen | Price effective from | Koha item type |
|---|---|---|---|---|---|---|---|---|---|---|---|---|---|---|---|
| Corporate Psychology | St Aloysius PG Library | St Aloysius PG Library | 01/31/2020 | Biblios Book Point | 795.00 | 150 BANE | PG016998 | 08/24/2022 | 04/26/2021 | Book |